Переписка с канцелярией МВД о разработке законопроектов по производству судебных дел о лесных порубках, о содержании арестованны...

Доступно только в Электронных читальных залах Найти на картеНа карте
RUSMARC
00003548nac2a22002293x 450
0017499a266-f41f-41d5-9345-cd00c3d4800b
00520190122031209.0
100##$a20181229l 1919k y0rusy50 ca
1010#$arus
102##$aRU
105##$ay z |||e|
2001#$aПереписка с канцелярией МВД о разработке законопроектов по производству судебных дел о лесных порубках, о содержании арестованных и др.
$j20 января 1919 - 26 июня 1919
215##$a62 листа
251##$cДело
300##$aМашинописный и рукописный текст
324##$aВ деле имеются копии отдельных документов
461#0$10010f0e3429-2e37-4fb4-ace0-6332d350a692
$12001
$aМинистерство внутренних дел Российского правительства. Омск
$1251
$cФонд
$1852
$j1700
$gР
462#0$1001ae790ebe-5e57-4246-b847-45ced1f0c984
$12001
$aЮридический Отдел. 1918-1919 г.
$vД. 7
$1251
$cОпись
$1852
$j4
60102$3RU\NLR\AUTH\8810247804
$aВременное Сибирское правительство
$bМинистерство внутренних дел
801#0$aRU
$bGA_RF
801#1$aRU
$bГлавНИВЦ
$c20181229
$2rusmarc
801#2$aRU
$bПБ им. Б.Н. Ельцина
$c20190122
$gRCR
$2rusmarc
852##$aГА РФ
$j7
937##$d123562068
$hПБ
035##$aRuPRLIB51054427
856##$uhttp://readingroom.main.prlib.ru/item.aspx?id_node=n123562068&mode=full
Формат отображения